00527 a2200181 450000100060000002000180000604000240002410000270004824000440007524500390011930000060015836200090016444000130017365000310018694200070021795201040022499900170032846741 a9788526278394 cAnchieta - Aquarius aBraz, Júlio Emílio10aA menina que tinha um céu na boalpor10aA menina que tinha um céu na boa a 0 a2010 1aScipione 4aLiteratura infanto-juvenil cBK 00104070a87.1b87.1d2023-11-21l0o028.5 BRA MENp4827/AQUr2023-11-21 15:13:24w2023-11-21yBK c46741d46741